National Park Management and Recreation.

Discusses oversight issues related to public land management, focusing on National Park Service lands used for recreational purposes. Describes the historical mission of the National Park Service; and reviews current budgetary, legislative, and administrative issues regarding efforts to eliminate ma...

Full description

Bibliographic Details
Corporate Authors: Library of Congress. Congressional Research Service, ProQuest (Firm)
Format: eBook
Language:English
Published: [Place of publication not identified] : [publisher not identified], 2002.
Series:U.S. Congressional Research.
Subjects:
Online Access:Connect to the full text of this electronic book

MARC

Tag First Indicator Second Indicator Subfields
LEADER 00000cam a22000001a 4500
001 in00003370021
006 m d f
007 cr bn mmmapmmp
008 100727s2002 dcu o f000 0 eng d
005 20260429190550.4
035 |a cis2007900305 
040 |a ProQuest  |c ProQuest  |d UtOrBLW 
043 |a n-us--- 
099 |a CRS-2002-RSI-0619 
110 2 |a Library of Congress.  |b Congressional Research Service. 
245 1 0 |a National Park Management and Recreation. 
264 1 |a [Place of publication not identified] :  |b [publisher not identified],  |c 2002. 
300 |a 1 online resource. 
336 |a text  |b txt  |2 rdacontent 
337 |a computer  |b c  |2 rdamedia 
338 |a online resource  |b cr  |2 rdacarrier 
500 |a Record is based on bibliographic data in ProQuest U.S. Congressional Research Digital Collection (last viewed July 2010). Reuse except for individual research requires license from ProQuest, LLC. 
500 |a CRS Report. 
520 |a Discusses oversight issues related to public land management, focusing on National Park Service lands used for recreational purposes. Describes the historical mission of the National Park Service; and reviews current budgetary, legislative, and administrative issues regarding efforts to eliminate maintenance backlogs; regulation of motorized recreation, including personal watercraft, snowmobiles, and aircraft overflights; the recreation fee demonstration program; and the national trails system. 
500 |a Electronic resource. 
650 0 |a Boats and boating. 
650 0 |a National parks and reserves. 
650 0 |a Recreation. 
655 7 |a Electronic books.  |2 local 
710 2 |a ProQuest (Firm) 
776 0 8 |i Microfiche version:   |a Library of Congress. Congressional Research Service.  |t National Park Management and Recreation 
830 0 |a U.S. Congressional Research. 
856 4 0 |u http://proxy.library.tamu.edu/login?url=https://congressional.proquest.com/congcomp/getdoc?CRDC-ID=CRS-2002-RSI-0619  |z Connect to the full text of this electronic book  |t 0 
999 |a MARS 
999 f f |s ed26c0d9-afc6-395e-bda6-497087a07c00  |i 3783888c-f821-39e4-a14a-006d10c4914c  |t 0 
952 f f |a Texas A&M University  |b College Station  |c Electronic Resources  |s www_evans  |d Available Online  |t 0  |e CRS-2002-RSI-0619  |h Other scheme 
998 f f |a CRS-2002-RSI-0619  |t 0  |l Available Online